Big Bang Theory Characters Sudden Death Quiz - Statistics

General Stats
  • This quiz has been taken 639 times
  • The average score is 13 of 16
Answers on the Grid
Answers color-coded by a green-red scale on the quiz's grid according to % correct below.
Mary Somerset
Amy Farrah - Fowler
Kerry Weaver
Bert Kibbler
Sheldon Cooper
President Siebert
Constance Calenda
Leonard Hofstadter
Emily Sweeney
Penny Hofstadter
Lalita Gupta
Howard Wolowitz
Linus Pauling
Stuart Bloom
Joyce Kim
Edward Jenner
Leslie Winkle
Susan Lewis
Mary Cooper
Raj Koothrappali
John Hunter
Janine Davis
Bernadette Rostenkowski - Wolowitz
Jane Colden
 
Answer Stats
Answer % Correct
Bernadette Rostenkowski - Wolowitz
93%
Sheldon Cooper
93%
Amy Farrah - Fowler
92%
Leonard Hofstadter
92%
Penny Hofstadter
92%
Raj Koothrappali
92%
Howard Wolowitz
91%
Mary Cooper
89%
Leslie Winkle
87%
Stuart Bloom
85%
President Siebert
73%
Joyce Kim
69%
Bert Kibbler
66%
Lalita Gupta
64%
Emily Sweeney
52%
Janine Davis
41%
No matching quizzes found
Score Distribution
Percent of People with Each Score
Percentile by Number Answered
Your Score History
You have not taken this quiz